Handbook of paleontological techniques. (Record no. 138152)
[ view plain ]
| 000 -LEADER | |
|---|---|
| fixed length control field | 01000cam4a220026500 4500 |
| 001 - CONTROL NUMBER | |
| control field | lce00568938 |
| 008 - FIXED-LENGTH DATA ELEMENTS--GENERAL INFORMATION | |
| fixed length control field | 711207s1965 caua b 000 0 eng |
| 010 ## - LIBRARY OF CONGRESS CONTROL NUMBER | |
| LC control number | 64007537 |
| 035 ## - SYSTEM CONTROL NUMBER | |
| System control number | (Sirsi) r53475 |
| 035 ## - SYSTEM CONTROL NUMBER | |
| System control number | (DLC) 64007537 |
| 035 ## - SYSTEM CONTROL NUMBER | |
| System control number | (UPRA)lce00568938 |
| 050 0# - LIBRARY OF CONGRESS CALL NUMBER | |
| Classification number | QE718 |
| Item number | .K8 |
| 082 ## - DEWEY DECIMAL CLASSIFICATION NUMBER | |
| Classification number | 560.18 |
| 100 1# - MAIN ENTRY--PERSONAL NAME | |
| Personal name | Kummel, Bernhard, 1919- |
| Dates associated with a name | Kummel, Bernhard, 1919- |
| Linkage | A11922.1 |
| 245 10 - TITLE STATEMENT | |
| Title | Handbook of paleontological techniques. |
| Statement of responsibility, etc. | Prepared under the auspices of the Paleontological Society. Edited by Bernhard Kummel [and] David Raup. Coordinators of sections: Jane Gray [and others] |
| 260 ## - PUBLICATION, DISTRIBUTION, ETC. | |
| Place of publication, distribution, etc. | San Francisco, |
| Name of publisher, distributor, etc. | W. H. Freeman |
| Date of publication, distribution, etc. | [1965] |
| 500 ## - GENERAL NOTE | |
| General note | Essays and bibliographies. |
| 504 ## - BIBLIOGRAPHY, ETC. NOTE | |
| Bibliography, etc. note | Bibliography: p. [709]-832. |
| 650 #0 - SUBJECT ADDED ENTRY--TOPICAL TERM | |
| Topical term or geographic name entry element | Paleontology. |
| Linkage | S1909.1 |
| 700 1# - ADDED ENTRY--PERSONAL NAME | |
| Personal name | Raup, David M. |
| Linkage | A12189.1 |
| 710 2# - ADDED ENTRY--CORPORATE NAME | |
| Corporate name or jurisdiction name as entry element | Paleontological Society. |
| Linkage | A12193.1 |
| 740 0# - ADDED ENTRY--UNCONTROLLED RELATED/ANALYTICAL TITLE | |
| Uncontrolled related/analytical title | Paleontological techniques. |
| 949 ## - LOCAL PROCESSING INFORMATION (OCLC) | |
| a | QE718 |
| w | lcc |
| i | 33729000291083 |
| m | MAIN |
| p | 2500 |
| t | BOOK |
| l | ON-SHELF |
No items available.